Emoji Quiz #4 - Statistics

General Stats
  • This quiz has been taken 12 times
  • The average score is 12 of 25
Answer Stats
Hint Answer % Correct
😷 face with medical {mask}
90%
😠 {angry} face
80%
🤡 {clown} face
80%
🤠 {cowboy} hat face
80%
🥹 face holding back {tears}
80%
😵 face with {crossed}-out eyes
80%
😇 smiling face with {halo}
80%
🤕 face with head-{bandage}
70%
🤒 face with {thermometer}
50%
🤥 {lying} face
50%
🥸 {disguised} face
40%
🙂‍↔️ head {shaking} horizontally
40%
🙂‍↕️ head {shaking} vertically
40%
🥳 {partying} face
40%
😡 {enraged} face
30%
🤮 face {vomiting}
30%
😵‍💫 face with {spiral} eyes
30%
🤬 face with {symbols} on mouth
30%
🥺 {pleading} face
30%
🫨 {shaking} face
30%
😳 {flushed} face
20%
🤢 {nauseated} face
20%
🤧 {sneezing} face
20%
🥴 {woozy} face
20%
🤪 {zany} face
20%
No matching quizzes found
Score Distribution
Percent of People with Each Score
Percentile by Number Answered
Your Score History
You have not taken this quiz